<?xml version="1.0" encoding="UTF-8"?><?xml-stylesheet type="text/xsl" href="static/style.xsl"?><OAI-PMH xmlns="http://www.openarchives.org/OAI/2.0/" xmlns:xsi="http://www.w3.org/2001/XMLSchema-instance" xsi:schemaLocation="http://www.openarchives.org/OAI/2.0/ http://www.openarchives.org/OAI/2.0/OAI-PMH.xsd"><responseDate>2026-04-17T11:32:20Z</responseDate><request verb="GetRecord" identifier="oai:www.recercat.cat:2445/182609" metadataPrefix="marc">https://recercat.cat/oai/request</request><GetRecord><record><header><identifier>oai:recercat.cat:2445/182609</identifier><datestamp>2025-12-05T10:52:00Z</datestamp><setSpec>com_2072_1057</setSpec><setSpec>col_2072_478775</setSpec><setSpec>col_2072_478917</setSpec></header><metadata><record xmlns="http://www.loc.gov/MARC21/slim" xmlns:dcterms="http://purl.org/dc/terms/" xmlns:xsi="http://www.w3.org/2001/XMLSchema-instance" xmlns:doc="http://www.lyncode.com/xoai" xsi:schemaLocation="http://www.loc.gov/MARC21/slim http://www.loc.gov/standards/marcxml/schema/MARC21slim.xsd">
   <leader>00925njm 22002777a 4500</leader>
   <datafield ind2=" " ind1=" " tag="042">
      <subfield code="a">dc</subfield>
   </datafield>
   <datafield ind2=" " ind1=" " tag="720">
      <subfield code="a">Vitela, Alex</subfield>
      <subfield code="e">author</subfield>
   </datafield>
   <datafield ind2=" " ind1=" " tag="720">
      <subfield code="a">Urbano, Cristóbal</subfield>
      <subfield code="e">author</subfield>
   </datafield>
   <datafield ind2=" " ind1=" " tag="260">
      <subfield code="c">2022-01-25T08:42:05Z</subfield>
   </datafield>
   <datafield ind2=" " ind1=" " tag="260">
      <subfield code="c">2022-01-25T08:42:05Z</subfield>
   </datafield>
   <datafield ind2=" " ind1=" " tag="260">
      <subfield code="c">2020-12-21</subfield>
   </datafield>
   <datafield ind2=" " ind1=" " tag="260">
      <subfield code="c">2022-01-25T08:42:05Z</subfield>
   </datafield>
   <datafield ind2=" " ind1=" " tag="520">
      <subfield code="a">Panorámica de recursos y estrategias de analítica web útiles en la conguración de soluciones de captación de estadísticas de uso y de evaluación de audiencias en revistas académicas de acceso abierto. Se contempla un conjunto de métricas complementarias a las citas para ayudar a los editores y gestores de revistas a proveer evidencias del desempeño de la revista en conjunto y de cada artículo en particular en el entorno web. Mediante las mediciones y los indicadores seleccionados se busca generar valor añadido a la gestión editorial para asegurar su sostenibilidad. La propuesta se congura en torno a tres ámbitos: recuento de consultas y descargas, optimización del sitio web o de las campañas de atracción de visitas, y elaboración de un cuadro de mando para la evaluación estratégica. Se concluye que, a partir de la elaboración de planes de medición del desempeño web, basados en los recursos y propuestas analizadas, las revistas pueden estar en mejores condiciones de abordar con evidencias la mejora de la capacidad de atracción de autores y lectores, así como facilitar la rendición de cuentas a los actores implicados en el proceso editorial de la publicación en acceso abierto.</subfield>
   </datafield>
   <datafield tag="653" ind2=" " ind1=" ">
      <subfield code="a">Revistes electròniques</subfield>
   </datafield>
   <datafield tag="653" ind2=" " ind1=" ">
      <subfield code="a">Accés obert</subfield>
   </datafield>
   <datafield tag="653" ind2=" " ind1=" ">
      <subfield code="a">Analítica web</subfield>
   </datafield>
   <datafield tag="653" ind2=" " ind1=" ">
      <subfield code="a">Electronic magazines</subfield>
   </datafield>
   <datafield tag="653" ind2=" " ind1=" ">
      <subfield code="a">Open access publishing</subfield>
   </datafield>
   <datafield tag="653" ind2=" " ind1=" ">
      <subfield code="a">Web analytics</subfield>
   </datafield>
   <datafield ind2="0" ind1="0" tag="245">
      <subfield code="a">Analítica web en revistas académicas de acceso abierto : justificación, planificación y aplicaciones</subfield>
   </datafield>
</record></metadata></record></GetRecord></OAI-PMH>